[Event "448. Wednesday (05.08.2020)"]
[Site "Official B"]
[Date "2020.08.05"]
[Round "2"]
[White "B1b"]
[Black "Károly Lajosné"]
[Result "0-1"]
[WhiteElo "1858"]
[BlackElo "1956"]
[Annotator "TA"]
[PlyCount "64"]
[EventDate "2020.08.05"]
[EventType "swiss (blitz)"]

{[%evp 9,63,-22,-19,-11,-3,-7,0,-13,-11,-16,-8,-39,-17,-66,-58,-147,-42,-52,-51,-51,-53,-90,-81,-121,-112,-127,-93,-114,-72,-192,-193,-274,-281,-737,-730,-881,-905,-1067,-706,-870,-837,-773,-420,-421,-383,-748,-747,-29970,-29970,-29987,-29987,-29973,-2681,-29989,-29989,-29999]} 1. e4 c5 2. Nf3 Nc6 3. c3 d5 4. e5 Bg4 5. Bb5 Qb6 6. Bxc6+ {B22: Sicilian: 2 c3.} bxc6 7. d3 e6 8. O-O {The position is equal.} Ne7 9. Re1 {[#]} Ng6 $146 ({Predecessor:} 9... Qa6 10. Na3 Ng6 11. h3 Bxf3 12. Qxf3 c4 13. dxc4 Bxa3 14. bxa3 Qxc4 15. Qe2 Qxe2 16. Rxe2 {0-1 (55) Hossain,D (2117)-Md,S (2224) Dhaka 2017}) 10. Nbd2 (10. h3 $5 {[%cal Rh3g4]} Bxf3 11. Qxf3 $11) 10... Be7 11. Nf1 O-O 12. Ng3 ({White should play} 12. h3 $15 Bxf3 13. Qxf3) 12... a5 ({Black should try} 12... Qc7 $17 13. Qe2 f6) 13. h3 $15 Bxf3 $1 14. Qxf3 a4 15. a3 {Black converts the advantage convincingly.} Rfb8 16. Nh5 Qb3 17. Qe2 Rb7 18. f4 Nh4 19. g4 {[#]} (19. Kh2 $17) 19... c4 $1 $19 20. d4 (20. Rd1 {was called for.}) 20... c5 {[%cal Bc6c5,Bc5d4][%mdl 32]} 21. f5 $2 (21. dxc5 Bxc5+ 22. Be3 Bxe3+ 23. Qxe3) 21... cxd4 22. fxe6 fxe6 23. Nf4 Rb6 24. Qf2 dxc3 25. bxc3 Rb5 26. Nxe6 {Rf1 is the strong threat.} Qxc3 {[%mdl 64] aiming for ...Nf3+. Double Attack} 27. Be3 $2 (27. Rf1 Kh8 28. Be3) 27... Rb2 28. Bd4 Nf3+ {[%mdl 64] Double Attack} 29. Kh1 Rxf2 30. Bxf2 Qb2 (30... Nxe1 $142 31. Rxe1 Qxh3+ {[%mdl 64] Double Attack} 32. Kg1 Qxg4+ {[%mdl 64] Double Attack} 33. Kf1 Qxe6 34. Re2 Qh3+ 35. Kg1 Rb8 36. Re1 {[#]} Bc5 $1 {[%mdl 576] Deflection} 37. Bxc5 Qg3+ {[%mdl 64] Double Attack} 38. Kh1 Rb2 39. Re2 Rxe2 40. Bf2 Rxf2 41. e6 Qh2#) 31. Rf1 Qxe5 {[%csl Gf3][%cal Re5h2]} 32. Nd4 Qh2# {Accuracy: White = 30%, Black = 67%.} 0-1

[Event "448. Wednesday (05.08.2020)"]
[Site "Official B"]
[Date "2020.08.05"]
[Round "2"]
[White "Meini"]
[Black "Haris kollari 13"]
[Result "0-1"]
[WhiteElo "1815"]
[BlackElo "1834"]
[Annotator "NA RC"]
[PlyCount "58"]
[EventDate "2020.08.05"]
[EventType "swiss (blitz)"]

1. d4 {[%emt 0:00:02]} d5 {[%emt 0:00:02]} 2. Bf4 {[%emt 0:00:02]} c5 {[%emt 0:00:02]} 3. c3 {[%emt 0:00:02]} Nc6 {[%emt 0:00:01]} 4. Nf3 {[%emt 0:00:03]} Bg4 {[%emt 0:00:01]} 5. e3 {[%emt 0:00:02]} f6 {[%emt 0:00:01]} 6. Be2 {[%emt 0:00:02]} h5 {[%emt 0:00:06]} 7. h3 {[%emt 0:00:02]} Bf5 {[%emt 0:00:01]} 8. dxc5 {[%emt 0:00:07]} e5 {[%emt 0:00:03]} 9. Bh2 {[%emt 0:00:02]} Bxc5 {[%emt 0:00:01]} 10. O-O {[%emt 0:00:06]} g5 {[%emt 0:00:02]} 11. Bb5 {[%emt 0:00:30]} Be6 {[%emt 0:00:02]} 12. Qc2 {[%emt 0:00:08]} Nge7 {[%emt 0:00:02]} 13. Nbd2 {[%emt 0:00:04]} Qb6 {[%emt 0:00:01]} 14. Be2 {[%emt 0:00:06]} O-O-O {[%emt 0:00:03]} 15. b4 {[%emt 0:00:04]} Bd6 {[%emt 0:00:02]} 16. a4 {[%emt 0:00:01]} Kb8 {[%emt 0:00:03]} 17. Rfb1 {[%emt 0:00:02]} Rc8 {[%emt 0:00:03]} 18. Qb2 {[%emt 0:00:03]} g4 {[%emt 0:00:04]} 19. Ne1 {[%emt 0:00:13]} gxh3 {[%emt 0:00:02]} 20. g3 {[%emt 0:00:02]} h4 {[%emt 0:00:02]} 21. Nd3 {[%emt 0:00:06]} hxg3 {[%emt 0:00:03]} 22. fxg3 {[%emt 0:00:08]} Rcg8 {[%emt 0:00:06]} 23. c4 {[%emt 0:00:04]} Qxe3+ {[%emt 0:00:07]} 24. Kf1 {[%emt 0:00:08]} Nd4 {[%emt 0:00:05]} 25. Nf3 {[%emt 0:00:14]} Nxf3 {[%emt 0:00:06]} 26. Bxf3 {[%emt 0:00:06]} Qxf3+ {[%emt 0:00:01]} 27. Nf2 {[%emt 0:00:01]} dxc4 {[%emt 0:00:03]} 28. g4 {[%emt 0:00:18]} Qg2+ {[%emt 0:00:03]} 29. Ke2 {[%emt 0:00:03]} Bxg4+ {[%emt 0:00:04] Meini gibt auf (Lag: Av=0.42s, max=1.0s)} 0-1

[Event "448. Wednesday (05.08.2020)"]
[Site "Official B"]
[Date "2020.08.05"]
[Round "2"]
[White "Sonek"]
[Black "LangesNasenhaar"]
[Result "0-1"]
[WhiteElo "1812"]
[BlackElo "2159"]
[Annotator "TA"]
[PlyCount "70"]
[EventDate "2020.08.05"]
[EventType "swiss (blitz)"]

{[%evp 9,70,18,23,16,37,20,27,21,16,0,-17,-7,0,-8,0,-1,0,6,51,39,47,-4,35,-28,63,63,68,-62,-25,-62,-55,-64,-61,-39,-43,-58,0,-48,-52,-55,-52,-127,-147,-129,-133,-129,43,-108,-75,-147,-165,-282,-206,-460,-432,-689,-669,-29972,-29973,-29995,-29996,-29998,-29999]} 1. d4 d6 2. e4 Nf6 3. f3 c5 4. c3 d5 5. e5 Nfd7 6. f4 {B07: Pirc Defence: Miscellaneous Systems.} e6 7. Bd3 Nc6 8. Nf3 {White has an edge.} Qb6 {[%cal Rc5d4] 8...cxd4 gains popularity.} 9. O-O (9. Bc2 {keeps more tension.} Be7 10. O-O O-O 11. g3 f6 12. Kh1) 9... cxd4 10. Kh1 dxc3 11. Nxc3 {[#]} Nc5 $146 ({Predecessor:} 11... Be7 12. Qe2 Nc5 13. Be3 Qa5 14. Bc2 b6 15. Nb5 O-O 16. Nc7 Nb4 17. Nd4 Nxc2 18. Qxc2 {1-0 (49) Nokka,R (2286)-Binham,T (2301) Finland 2013}) 12. Bc2 a6 13. a3 Be7 14. b4 {[%mdl 1024] White has compensation.} Nd7 15. Qe2 (15. f5 $14) 15... g6 16. Rd1 (16. Be3 $14 Qd8 17. Qf2) 16... h5 (16... Qc7 $1 $11) 17. Be3 $14 Qc7 18. Na4 (18. Rac1 $14) 18... b5 $15 19. Nb2 {[%cal Ba4b2,Bb2d3,Bd3c5][%mdl 32]} Nb6 20. Nd3 Bb7 21. Nc5 Nc4 22. Bf2 h4 (22... a5 $15) 23. Bd3 h3 24. g4 a5 25. f5 (25. Nd4 $15) 25... gxf5 $17 ({But not} 25... axb4 $6 26. fxe6 Bxc5 27. exf7+ Qxf7 28. Bxc5 $11) 26. gxf5 {[#]} Bxc5 $1 27. Bxc5 Kd7 $2 (27... axb4 $17 {...Rxa3 is the strong threat.} 28. fxe6 fxe6 29. axb4 O-O-O) 28. Nd4 $2 (28. Bd6 $14 {stays ahead.} Nxd6 29. exd6 Qxd6 30. Bxb5) 28... N6xe5 29. fxe6+ ({Don't blunder} 29. Nxb5 $2 {[#]} Nxd3 $3 {[%mdl 512]} 30. Bd4 (30. Nxc7 $2 {loses.} d4+ 31. Kg1 Rag8+ 32. Kf1 Bg2+ 33. Kg1 Bf3+ 34. Kf1 Rg1+ 35. Kxg1 Bxe2 $19) 30... Qc6 $19) (29. Rg1 $142 Kc8 30. fxe6 fxe6 31. Bc2) 29... fxe6 30. Re1 (30. Rg1 $142 Rag8 31. Qf2) 30... Rae8 31. a4 $2 (31. Bc2) 31... Rhg8 $19 32. axb5 (32. Rg1 $142 axb4 33. Bxb4) 32... Rg2 {( -> ...Ng4)} 33. Qh5 {[#]} Rxh2+ $3 {[%mdl 512] Black mates.} 34. Kg1 (34. Kxh2 Nf3+) 34... Rg8+ 35. Kxh2 {[#]} Nf3+ $1 {[%mdl 576] Double Attack, Discovered Attack (Double check). Accuracy: White = 35%, Black = 67%.} 0-1

[Event "448. Wednesday (05.08.2020)"]
[Site "Official B"]
[Date "2020.08.05"]
[Round "2"]
[White "Ppngh"]
[Black "Sheded A"]
[Result "0-1"]
[WhiteElo "1777"]
[BlackElo "2075"]
[Annotator "TA"]
[PlyCount "38"]
[EventDate "2020.08.05"]
[EventType "swiss (blitz)"]

{[%evp 9,38,-78,-76,-95,-90,-75,-82,-112,88,77,88,87,80,88,78,48,48,-1,-10,-237,-21,-53,10,6,24,0,1,0,0,-678,-528]} 1. e4 c5 2. Bc4 g6 3. d4 Bg7 4. e5 cxd4 5. Nf3 Nc6 {[#]} 6. O-O $146 {B06: Modern Defence.} ({Predecessor:} 6. Nxd4 Qa5+ 7. Nc3 Qxe5+ 8. Be3 Nxd4 9. Qxd4 Qxd4 10. Bxd4 Bxd4 {0-1 (10) Guttarolo,G (1402)-Colombo,L (1874) Milan 2013}) 6... Nxe5 7. Nxe5 Bxe5 8. c3 {Black is better.} dxc3 $2 {[#]} (8... d5 $17 {keeps the pressure on.} 9. Bb3 e6) 9. Qd5 $1 $16 {[%csl Gc4][%cal Rd5f7][%mdl 576] Double Attack} d6 10. Qxf7+ Kd7 11. Nxc3 {Hoping for Nd5.} Nf6 12. Bb5+ {[%mdl 1024] White has strong compensation.} Kc7 13. Qc4+ Kb8 14. f4 $2 {[#]} (14. Qe2 $11 {and White has nothing to worry.}) 14... Qb6+ $2 ({Black should play} 14... Bxc3 $1 $19 15. bxc3 a6) 15. Kh1 $11 Bd4 ({Better is} 15... Bxc3 $1 $15 16. bxc3 Bf5) 16. Na4 $1 {[%cal Ra4b6]} Qa5 17. b4 Be6 $1 {[%cal Re6c4]} 18. Qxd4 Qxb5 19. Nc3 $2 {[%mdl 8192]} (19. Re1 $11 Qf5 20. Qe3) 19... Qxf1+ {Accuracy: White = 51%, Black = 52%.} 0-1

[Event "448. Wednesday (05.08.2020)"]
[Site "Official B"]
[Date "2020.08.05"]
[Round "2"]
[White "Inter_slo"]
[Black "Legenda56"]
[Result "0-1"]
[WhiteElo "1759"]
[BlackElo "1823"]
[Annotator "NA RC"]
[PlyCount "116"]
[EventDate "2020.08.05"]
[EventType "swiss (blitz)"]

1. e4 {[%emt 0:00:08]} e5 {[%emt 0:00:02]} 2. Nf3 {[%emt 0:00:03]} Nc6 {[%emt 0:00:01]} 3. d4 {[%emt 0:00:01]} exd4 {[%emt 0:00:02]} 4. Nxd4 {[%emt 0:00:01]} Nf6 {[%emt 0:00:04]} 5. Nc3 {[%emt 0:00:02]} Bb4 {[%emt 0:00:02]} 6. Qd3 {[%emt 0:00:14]} O-O {[%emt 0:00:08]} 7. Bd2 {[%emt 0:00:06]} Bxc3 {[%emt 0:00:07]} 8. Bxc3 {[%emt 0:00:03]} d6 {[%emt 0:00:02]} 9. O-O-O {[%emt 0:00:07]} Re8 {[%emt 0:00:12]} 10. f3 {[%emt 0:00:02]} Ne5 {[%emt 0:00:07]} 11. Qd2 {[%emt 0:00:05]} a6 {[%emt 0:00:02]} 12. Kb1 {[%emt 0:00:01]} b5 {[%emt 0:00:03]} 13. g4 {[%emt 0:00:12]} Bb7 {[%emt 0:00:14]} 14. Be2 {[%emt 0:00:12]} Nfd7 {[%emt 0:00:32]} 15. h4 {[%emt 0:00:08]} Nc5 {[%emt 0:00:22]} 16. Qc1 {[%emt 0:00:25]} Na4 {[%emt 0:00:10]} 17. Bd2 {[%emt 0:00:02]} Nb6 {[%emt 0:00:03]} 18. Bf4 {[%emt 0:00:13]} g6 {[%emt 0:00:18]} 19. h5 {[%emt 0:00:04]} c5 {[%emt 0:00:02]} 20. Nb3 {[%emt 0:00:09]} Nbc4 {[%emt 0:00:07]} 21. hxg6 {[%emt 0:00:07]} fxg6 {[%emt 0:00:03]} 22. Bg5 {[%emt 0:00:23]} Qd7 {[%emt 0:00:02]} 23. Qf4 {[%emt 0:00:15]} Rf8 {[%emt 0:00:03]} 24. Qh2 {[%emt 0:00:05]} Rf7 {[%emt 0:00:05]} 25. Nd2 {[%emt 0:00:30]} Nxd2+ {[%emt 0:00:06]} 26. Rxd2 {[%emt 0:00:02]} Qe6 {[%emt 0:00:08]} 27. Rdd1 {[%emt 0:00:04]} d5 {[%emt 0:00:13]} 28. Bf4 {[%emt 0:00:06]} Nc4 {[%emt 0:00:05]} 29. e5 {[%emt 0:00:06]} Raf8 {[%emt 0:00:07]} 30. Bc1 {[%emt 0:00:03]} Qxe5 {[%emt 0:00:07]} 31. Bxc4 {[%emt 0:00:05]} Qxh2 {[%emt 0:00:02]} 32. Rxh2 {[%emt 0:00:01]} dxc4 {[%emt 0:00:03]} 33. Rdh1 {[%emt 0:00:03]} Bxf3 {[%emt 0:00:02]} 34. Rg1 {[%emt 0:00:05]} Be4 {[%emt 0:00:03]} 35. a3 {[%emt 0:00:05]} Rf1 {[%emt 0:00:02]} 36. Rxf1 {[%emt 0:00:06]} Rxf1 {[%emt 0:00:02]} 37. Re2 {[%emt 0:00:06]} Bf3 {[%emt 0:00:03]} 38. Re8+ {[%emt 0:00:03]} Kf7 {[%emt 0:00:01]} 39. Rc8 {[%emt 0:00:04]} Bxg4 {[%emt 0:00:02]} 40. Rxc5 {[%emt 0:00:02]} Bf5 {[%emt 0:00:02]} 41. Rc7+ {[%emt 0:00:04]} Kg8 {[%emt 0:00:03]} 42. Ra7 {[%emt 0:00:01]} Rf2 {[%emt 0:00:02]} 43. Ka2 {[%emt 0:00:01]} Bxc2 {[%emt 0:00:02]} 44. Bh6 {[%emt 0:00:01]} Bb3+ {[%emt 0:00:10]} 45. Kb1 {[%emt 0:00:02]} Rf1+ {[%emt 0:00:01]} 46. Bc1 {[%emt 0:00:02]} h5 {[%emt 0:00:02]} 47. Rxa6 {[%emt 0:00:01]} h4 {[%emt 0:00:02]} 48. Rxg6+ {[%emt 0:00:01]} Kf7 {[%emt 0:00:01]} 49. Rg4 {[%emt 0:00:01]} Rh1 {[%emt 0:00:02]} 50. Rg5 {[%emt 0:00:02]} h3 {[%emt 0:00:02]} 51. Rh5 {[%emt 0:00:01]} Kg6 {[%emt 0:00:01]} 52. Rh8 {[%emt 0:00:01]} h2 {[%emt 0:00:02]} 53. Rh3 {[%emt 0:00:02]} Kf5 {[%emt 0:00:01]} 54. Rh4 {[%emt 0:00:01]} Ke5 {[%emt 0:00:01]} 55. Rh5+ {[%emt 0:00:01]} Ke4 {[%emt 0:00:01]} 56. Rh4+ {[%emt 0:00:00]} Kf3 {[%emt 0:00:01]} 57. Rh5 {[%emt 0:00:00]} Kg3 {[%emt 0:00:01]} 58. Rh3+ {[%emt 0:00:00]} Kxh3 {[%emt 0:00:02] Èas (Lag: Av=0.46s, max=0.9s)} 0-1

[Event "448. Wednesday (05.08.2020)"]
[Site "Official B"]
[Date "2020.08.05"]
[Round "2"]
[White "Hühnersuppe"]
[Black "Gaius Bonus"]
[Result "1-0"]
[WhiteElo "1733"]
[BlackElo "1613"]
[Annotator "NA RC"]
[PlyCount "63"]
[EventDate "2020.08.05"]
[EventType "swiss (blitz)"]

1. d4 {[%emt 0:00:02]} d5 {[%emt 0:00:01]} 2. c4 {[%emt 0:00:02]} e6 {[%emt 0:00:01]} 3. Nc3 {[%emt 0:00:02]} c6 {[%emt 0:00:03]} 4. Nf3 {[%emt 0:00:02]} f5 {[%emt 0:00:01]} 5. Bg5 {[%emt 0:00:04]} Be7 {[%emt 0:00:01]} 6. h4 {[%emt 0:00:06]} h6 {[%emt 0:00:06]} 7. Bxe7 {[%emt 0:00:06]} Qxe7 {[%emt 0:00:00]} 8. Ne5 {[%emt 0:00:02]} Qf6 {[%emt 0:00:06]} 9. e3 {[%emt 0:00:07]} Nd7 {[%emt 0:00:08]} 10. Qh5+ {[%emt 0:00:04]} Kd8 {[%emt 0:00:14]} 11. Nf7+ {[%emt 0:00:03]} Kc7 {[%emt 0:00:03]} 12. Nxh8 {[%emt 0:00:01]} Ne7 {[%emt 0:00:14]} 13. Qf7 {[%emt 0:00:11]} dxc4 {[%emt 0:00:07]} 14. Qxf6 {[%emt 0:00:04]} gxf6 {[%emt 0:00:01]} 15. Bxc4 {[%emt 0:00:03]} Kd6 {[%emt 0:00:10]} 16. Nf7+ {[%emt 0:00:05]} Kc7 {[%emt 0:00:06]} 17. Bxe6 {[%emt 0:00:02]} b5 {[%emt 0:00:03]} 18. Nxh6 {[%emt 0:00:04]} a5 {[%emt 0:00:01]} 19. Nxf5 {[%emt 0:00:02]} Nd5 {[%emt 0:00:05]} 20. Bxd5 {[%emt 0:00:07]} cxd5 {[%emt 0:00:00]} 21. Nxb5+ {[%emt 0:00:08]} Kb6 {[%emt 0:00:01]} 22. a4 {[%emt 0:00:03]} Nf8 {[%emt 0:00:02]} 23. Nfd6 {[%emt 0:00:03]} Bd7 {[%emt 0:00:02]} 24. Rc1 {[%emt 0:00:05]} Ne6 {[%emt 0:00:02]} 25. h5 {[%emt 0:00:02]} Rh8 {[%emt 0:00:02]} 26. h6 {[%emt 0:00:02]} Ng5 {[%emt 0:00:01]} 27. f4 {[%emt 0:00:03]} Ne4 {[%emt 0:00:06]} 28. Nxe4 {[%emt 0:00:02]} dxe4 {[%emt 0:00:00]} 29. Nd6 {[%emt 0:00:02]} f5 {[%emt 0:00:03]} 30. h7 {[%emt 0:00:02]} Bxa4 {[%emt 0:00:04]} 31. Nf7 {[%emt 0:00:02]} Re8 {[%emt 0:00:05]} 32. h8=Q {[%emt 0:00:16] Gaius Bonus gibt auf (Lag: Av=1.52s, max=2.2s)} 1-0

[Event "448. Wednesday (05.08.2020)"]
[Site "Official B"]
[Date "2020.08.05"]
[Round "2"]
[White "Stader Löwe"]
[Black "Dagobert52"]
[Result "1-0"]
[WhiteElo "1703"]
[BlackElo "1569"]
[Annotator "NA RC"]
[PlyCount "93"]
[EventDate "2020.08.05"]
[EventType "swiss (blitz)"]

1. e4 {[%emt 0:00:02]} Nf6 {[%emt 0:00:02]} 2. e5 {[%emt 0:00:02]} Nd5 {[%emt 0:00:02]} 3. c4 {[%emt 0:00:00]} Nb6 {[%emt 0:00:01]} 4. d4 {[%emt 0:00:00]} d6 {[%emt 0:00:01]} 5. f4 {[%emt 0:00:00]} g6 {[%emt 0:00:02]} 6. Be3 {[%emt 0:00:02]} Bg7 {[%emt 0:00:01]} 7. Nc3 {[%emt 0:00:02]} O-O {[%emt 0:00:02]} 8. Nf3 {[%emt 0:00:04]} Be6 {[%emt 0:00:02]} 9. b3 {[%emt 0:00:02]} dxe5 {[%emt 0:00:14]} 10. dxe5 {[%emt 0:00:14]} f6 {[%emt 0:00:12]} 11. Qxd8 {[%emt 0:00:18]} Rxd8 {[%emt 0:00:02]} 12. exf6 {[%emt 0:00:18]} exf6 {[%emt 0:00:02]} 13. Be2 {[%emt 0:00:02]} Nc6 {[%emt 0:00:05]} 14. Rc1 {[%emt 0:00:04]} a6 {[%emt 0:00:04]} 15. Kf2 {[%emt 0:00:01]} f5 {[%emt 0:00:10]} 16. Bxb6 {[%emt 0:00:06]} cxb6 {[%emt 0:00:02]} 17. Na4 {[%emt 0:00:01]} Rd6 {[%emt 0:00:19]} 18. Rhd1 {[%emt 0:00:06]} Rad8 {[%emt 0:00:02]} 19. Nxb6 {[%emt 0:00:16]} Rxd1 {[%emt 0:00:05]} 20. Rxd1 {[%emt 0:00:02]} Rxd1 {[%emt 0:00:02]} 21. Bxd1 {[%emt 0:00:00]} Nd4 {[%emt 0:00:19]} 22. Na4 {[%emt 0:00:08]} Bd7 {[%emt 0:00:07]} 23. Nc5 {[%emt 0:00:08]} Bc6 {[%emt 0:00:11]} 24. Nd3 {[%emt 0:00:02]} Nxf3 {[%emt 0:00:16]} 25. Bxf3 {[%emt 0:00:02]} Bd4+ {[%emt 0:00:02]} 26. Ke2 {[%emt 0:00:03]} Bxf3+ {[%emt 0:00:03]} 27. Kxf3 {[%emt 0:00:01]} Kf7 {[%emt 0:00:02]} 28. h3 {[%emt 0:00:08]} b6 {[%emt 0:00:03]} 29. g4 {[%emt 0:00:03]} fxg4+ {[%emt 0:00:02]} 30. hxg4 {[%emt 0:00:01]} Ke6 {[%emt 0:00:04]} 31. Nb4 {[%emt 0:00:02]} a5 {[%emt 0:00:05]} 32. Nd5 {[%emt 0:00:01]} Bc5 {[%emt 0:00:02]} 33. Ke4 {[%emt 0:00:01]} h6 {[%emt 0:00:02]} 34. f5+ {[%emt 0:00:05]} gxf5+ {[%emt 0:00:02]} 35. gxf5+ {[%emt 0:00:00]} Kf7 {[%emt 0:00:02]} 36. Nf4 {[%emt 0:00:07]} Kf6 {[%emt 0:00:04]} 37. Nd5+ {[%emt 0:00:02]} Kf7 {[%emt 0:00:02]} 38. Ke5 {[%emt 0:00:04]} h5 {[%emt 0:00:02]} 39. Kf4 {[%emt 0:00:08]} Bf2 {[%emt 0:00:07]} 40. Kg5 {[%emt 0:00:03]} h4 {[%emt 0:00:01]} 41. Kg4 {[%emt 0:00:01]} Kg7 {[%emt 0:00:07]} 42. a3 {[%emt 0:00:02]} Kf7 {[%emt 0:00:03]} 43. b4 {[%emt 0:00:01]} axb4 {[%emt 0:00:01]} 44. axb4 {[%emt 0:00:01]} Kg7 {[%emt 0:00:03]} 45. Nf4 {[%emt 0:00:06]} Kf6 {[%emt 0:00:02]} 46. Nd3 {[%emt 0:00:06]} Be1 {[%emt 0:00:04]} 47. Nxe1 {[%emt 0:00:03] Dagobert52 gibt auf (Lag: Av=0.73s, max=1.8s)} 1-0

[Event "448. Wednesday (05.08.2020)"]
[Site "Official B"]
[Date "2020.08.05"]
[Round "2"]
[White "Reingames"]
[Black "Handgottes"]
[Result "1-0"]
[WhiteElo "1702"]
[BlackElo "1618"]
[Annotator "NA RC"]
[PlyCount "109"]
[EventDate "2020.08.05"]
[EventType "swiss (blitz)"]

1. e4 {[%emt 0:00:03]} c6 {[%emt 0:00:02]} 2. d4 {[%emt 0:00:03]} d5 {[%emt 0:00:02]} 3. Nc3 {[%emt 0:00:01]} dxe4 {[%emt 0:00:01]} 4. Nxe4 {[%emt 0:00:02]} Nd7 {[%emt 0:00:01]} 5. c3 {[%emt 0:00:03]} Ngf6 {[%emt 0:00:03]} 6. Bd3 {[%emt 0:00:03]} Nxe4 {[%emt 0:00:03]} 7. Bxe4 {[%emt 0:00:05]} Nf6 {[%emt 0:00:01]} 8. Bc2 {[%emt 0:00:02]} e6 {[%emt 0:00:05]} 9. Ne2 {[%emt 0:00:02]} Be7 {[%emt 0:00:02]} 10. O-O {[%emt 0:00:01]} O-O {[%emt 0:00:03]} 11. h3 {[%emt 0:00:00]} c5 {[%emt 0:00:02]} 12. Be3 {[%emt 0:00:05]} cxd4 {[%emt 0:00:03]} 13. Bxd4 {[%emt 0:00:06]} Bd7 {[%emt 0:00:24]} 14. Qd3 {[%emt 0:00:09]} g6 {[%emt 0:00:03]} 15. b3 {[%emt 0:00:11]} Bc6 {[%emt 0:00:04]} 16. Rad1 {[%emt 0:00:08]} Qc7 {[%emt 0:00:14]} 17. Qg3 {[%emt 0:00:18]} Bd6 {[%emt 0:00:16]} 18. Qg5 {[%emt 0:00:06]} Ne4 {[%emt 0:00:35]} 19. Bxe4 {[%emt 0:00:27]} Bxe4 {[%emt 0:00:04]} 20. f4 {[%emt 0:00:10]} Be7 {[%emt 0:00:31]} 21. Qe5 {[%emt 0:00:16]} Qxe5 {[%emt 0:00:06]} 22. Bxe5 {[%emt 0:00:04]} Rfd8 {[%emt 0:00:04]} 23. Ng3 {[%emt 0:00:02]} Bc6 {[%emt 0:00:05]} 24. Kh2 {[%emt 0:00:08]} Bc5 {[%emt 0:00:07]} 25. Ne2 {[%emt 0:00:12]} Be7 {[%emt 0:00:04]} 26. Bc7 {[%emt 0:00:06]} Rd7 {[%emt 0:00:07]} 27. Rxd7 {[%emt 0:00:05]} Bxd7 {[%emt 0:00:02]} 28. Rd1 {[%emt 0:00:02]} Bc6 {[%emt 0:00:03]} 29. Nd4 {[%emt 0:00:02]} Be4 {[%emt 0:00:09]} 30. Rd2 {[%emt 0:00:08]} Rc8 {[%emt 0:00:03]} 31. Re2 {[%emt 0:00:32]} Rxc7 {[%emt 0:00:13]} 32. Rxe4 {[%emt 0:00:02]} Rxc3 {[%emt 0:00:02]} 33. Nb5 {[%emt 0:00:03]} Rc2 {[%emt 0:00:04]} 34. Nxa7 {[%emt 0:00:07]} Rxa2 {[%emt 0:00:02]} 35. Nc8 {[%emt 0:00:00]} Bf6 {[%emt 0:00:04]} 36. Nd6 {[%emt 0:00:04]} Rb2 {[%emt 0:00:05]} 37. Re3 {[%emt 0:00:04]} b6 {[%emt 0:00:04]} 38. Rd3 {[%emt 0:00:03]} h5 {[%emt 0:00:04]} 39. Nc4 {[%emt 0:00:04]} Rb1 {[%emt 0:00:04]} 40. Nxb6 {[%emt 0:00:02]} e5 {[%emt 0:00:07]} 41. Kg3 {[%emt 0:00:14]} exf4+ {[%emt 0:00:02]} 42. Kxf4 {[%emt 0:00:02]} Re1 {[%emt 0:00:02]} 43. Nd7 {[%emt 0:00:05]} Be7 {[%emt 0:00:07]} 44. Re3 {[%emt 0:00:05]} Bd6+ {[%emt 0:00:03]} 45. Kf3 {[%emt 0:00:03]} Rb1 {[%emt 0:00:06]} 46. Nf6+ {[%emt 0:00:03]} Kf8 {[%emt 0:00:04]} 47. Nd7+ {[%emt 0:00:12]} Kg7 {[%emt 0:00:02]} 48. Nb6 {[%emt 0:00:02]} Bc5 {[%emt 0:00:03]} 49. Nd7 {[%emt 0:00:02]} Bxe3 {[%emt 0:00:02]} 50. Kxe3 {[%emt 0:00:00]} Rxb3+ {[%emt 0:00:01]} 51. Ke4 {[%emt 0:00:01]} Rg3 {[%emt 0:00:02]} 52. Ne5 {[%emt 0:00:01]} Rxg2 {[%emt 0:00:01]} 53. Nf3 {[%emt 0:00:00]} Ra2 {[%emt 0:00:02]} 54. h4 {[%emt 0:00:00]} Ra4+ {[%emt 0:00:02]} 55. Ke3 {[%emt 0:00:00] Zeit (Lag: Av=1.42s, max=2.0s)} 1-0

[Event "448. Wednesday (05.08.2020)"]
[Site "Official B"]
[Date "2020.08.05"]
[Round "2"]
[White "AmberKnight"]
[Black "W0rthl33s"]
[Result "1-0"]
[WhiteElo "1694"]
[BlackElo "1509"]
[Annotator "NA RC"]
[PlyCount "87"]
[EventDate "2020.08.05"]
[EventType "swiss (blitz)"]

{Burke, Steve} 1. e4 {[%emt 0:00:01]} d6 {[%emt 0:00:01]} 2. f4 {[%emt 0:00:03]} c6 {[%emt 0:00:03]} 3. Nf3 {[%emt 0:00:01]} Qc7 {[%emt 0:00:01]} 4. d4 {[%emt 0:00:03]} Nd7 {[%emt 0:00:01]} 5. e5 {[%emt 0:00:02]} e6 {[%emt 0:00:02]} 6. Bd3 {[%emt 0:00:02]} d5 {[%emt 0:00:04]} 7. O-O {[%emt 0:00:02]} c5 {[%emt 0:00:01]} 8. c3 {[%emt 0:00:02]} c4 {[%emt 0:00:01]} 9. Bc2 {[%emt 0:00:02]} Be7 {[%emt 0:00:01]} 10. f5 {[%emt 0:00:02]} exf5 {[%emt 0:00:03]} 11. Bxf5 {[%emt 0:00:02]} Nf8 {[%emt 0:00:01]} 12. Bxc8 {[%emt 0:00:14]} Qxc8 {[%emt 0:00:08]} 13. Bg5 {[%emt 0:00:05]} f6 {[%emt 0:00:05]} 14. exf6 {[%emt 0:00:03]} Bxf6 {[%emt 0:00:06]} 15. Bxf6 {[%emt 0:00:02]} Nxf6 {[%emt 0:00:02]} 16. Nbd2 {[%emt 0:00:28]} Ne6 {[%emt 0:00:08]} 17. Qa4+ {[%emt 0:00:03]} Qd7 {[%emt 0:00:03]} 18. Qxd7+ {[%emt 0:00:02]} Kxd7 {[%emt 0:00:02]} 19. Ne5+ {[%emt 0:00:03]} Ke7 {[%emt 0:00:04]} 20. Rae1 {[%emt 0:00:06]} Rhf8 {[%emt 0:00:07]} 21. Rf3 {[%emt 0:00:12]} Kd6 {[%emt 0:00:02]} 22. Rfe3 {[%emt 0:00:13]} Ng5 {[%emt 0:00:05]} 23. h4 {[%emt 0:00:18]} Nge4 {[%emt 0:00:02]} 24. Nxe4+ {[%emt 0:00:01]} Nxe4 {[%emt 0:00:00]} 25. Nxc4+ {[%emt 0:00:01]} Kc7 {[%emt 0:00:14]} 26. Ne5 {[%emt 0:00:06] W0rthl33s reconnected.} Nf2 {[%emt 0:02:24]} 27. R3e2 {[%emt 0:00:30]} Ne4 {[%emt 0:00:06]} 28. Nf3 {[%emt 0:00:11]} Kd7 {[%emt 0:00:12]} 29. Ng5 {[%emt 0:00:03]} Ng3 {[%emt 0:00:05]} 30. Re7+ {[%emt 0:00:03]} Kc6 {[%emt 0:00:04]} 31. R1e6+ {[%emt 0:00:06]} Kb5 {[%emt 0:00:02]} 32. Rxb7+ {[%emt 0:00:02]} Kc4 {[%emt 0:00:01]} 33. Rf6 {[%emt 0:00:07]} Rxf6 {[%emt 0:00:07]} 34. Rb4+ {[%emt 0:00:02]} Kd3 {[%emt 0:00:02]} 35. Kh2 {[%emt 0:00:03]} Nf1+ {[%emt 0:00:02]} 36. Kg1 {[%emt 0:00:03]} Ng3 {[%emt 0:00:01]} 37. Nf3 {[%emt 0:00:02]} Re8 {[%emt 0:00:05]} 38. Kf2 {[%emt 0:00:04]} Ne4+ {[%emt 0:00:06]} 39. Kf1 {[%emt 0:00:02]} Ng3+ {[%emt 0:00:01]} 40. Kf2 {[%emt 0:00:02]} Ne4+ {[%emt 0:00:01]} 41. Kg1 {[%emt 0:00:01]} Ng3 {[%emt 0:00:02]} 42. Ne5+ {[%emt 0:00:05]} Kc2 {[%emt 0:00:06]} 43. Kh2 {[%emt 0:00:02]} Ref8 {[%emt 0:00:00]} 44. Kxg3 {[%emt 0:00:01] Zeit (Lag: Av=3.70s, max=121.8s)} 1-0